000
00269nam a2200109Ia 4500
008
200302s9999 xx 000 0 und d
100
_a
Priya Choudry
245
_a
Humane Approach To Urban Planning
260
_b
Copal Publishing Group
260
_c
2015
300
_a
189 P
999
_c
5421
_d
5421